000 00910nas a2200289 4500
001 BR0706936
003 BR-BrBNA
005 20231205111324.0
007 ta
008 230509b bl.|||p| |||| 00| 00por d
040 _aBR-BrBNA
_bpor
_cBiblioteca Nacional de Agricultura
041 _a(Pt)
072 _aB50; E50; E12
100 1 _aMedeiros, S de M.
245 1 _aOs trabalhadores rurais na política: o papel da imprensa partidária na constituição de uma linguagem de classe
650 _aHISTÓRIA
650 _aSOCIOLOGIA RURAL
650 _aSINDICATO
650 _aJORNALISMO
650 _aREFORMA AGRÁRIA
650 _aLEGISLAÇÃO
650 _aDIREITO TRABALHISTA
650 _aTRABALHADOR RURAL
773 0 _tEstudos Sociedade e Agricultura (Brazil)
_xISSN 1413-0580
_g(Jul 1995), (no. 4) p. 50-65
_wBR0706936
909 _a202311
_bLúcia
_c55
_dLúcia Elande
942 _2AGRIS
_n0
_cANA
999 _c192044
_d192044